[Event "Let's Play Chess!"]
[Site "http://www.queenalice.com/game.php?id=406504"]
[Date "2008.5.22"]
[Round "-"]
[White "erikmartinelli"]
[Black "hotdog"]
[Result "0-1"]
[WhiteElo "1477"]
[BlackElo "1166"]

1. e4 c5 2. c3 a6 3. b4 e6 4. Nf3 cxb4 5. cxb4 b5 6. d4 Bb7 7. Nc3 Bxb4 8. Bd2
Bxc3 9. Bxc3 Bxe4 10. Ne5 Ne7 11. Nxf7 Kxf7 12. Be2 Rf8 13. Bh5+ Kg8 14. Qg4 Bf5
15. Qg3 Nd5 16. Bd2 Nc6 17. Bh6 Qf6 18. Bg5 Qxd4 19. O-O Qe5 20. Qh4 h6 21. Bxh6
gxh6 22. Rfe1 Qf4 23. Qxf4 Nxf4 24. Bf3 Nd3 25. Red1 d5 26. h3 Nde5 27. Bh5 Kh8
28. Rdc1 Nd4 29. Rc7 Rg8 30. g3 Bxh3 31. Kh2 Bg4 32. Rac1 Bxh5 33. Re7 Rg7 34.
Rxg7 Kxg7 35. Rc7+ Kg6 36. f4 Ng4+ 37. Kh3 Ne3 38. Kh4 Rf8 39. Ra7 Ng4 40. Rxa6
Nf2 41. Ra5 Nf3# 0-1

[Event "Let's Play Chess!"]
[Site "http://www.queenalice.com/game.php?id=406540"]
[Date "2008.5.22"]
[Round "-"]
[White "hotdog"]
[Black "trallala"]
[Result "0-1"]
[WhiteElo "1100"]
[BlackElo "2024"]

1. Nf3 d6 2. g3 e5 3. e4 f5 4. d3 Nf6 5. Nbd2 Nc6 6. c4 Be7 7. a3 O-O 8. b4 fxe4
9. dxe4 Bg4 10. Bg2 Nd4 11. Bb2 Kh8 12. Bxd4 exd4 13. O-O Qc8 14. Qc2 c5 15. e5
Bf5 16. Qb3 Ne4 17. Nxe4 Bxe4 18. exd6 Bxd6 19. bxc5 Bxc5 20. Rfe1 Qf5 21. Rxe4
Qxe4 22. Re1 Rxf3 23. Rxe4 Rxb3 24. Re5 Rb1+ 0-1

[Event "Let's Play Chess!"]
[Site "http://www.queenalice.com/game.php?id=406612"]
[Date "2008.5.22"]
[Round "-"]
[White "dtrainey"]
[Black "hotdog"]
[Result "0-1"]
[WhiteElo "1640"]
[BlackElo "1100"]

1. b3 c5 2. d4 cxd4 3. Qxd4 Nc6 4. Qc3 e5 5. e4 Bb4 6. Bb2 Bxc3+ 7. Nxc3 d6 8.
Bb5 Nf6 9. Nge2 Bd7 10. Bxc6 Bxc6 11. f3 b5 12. Nd1 O-O 13. Ne3 Nxe4 14. fxe4
Bxe4 15. O-O-O Qg5 0-1

[Event "fast game within 30 mins"]
[Site "http://www.queenalice.com/game.php?id=406631"]
[Date "2008.5.22"]
[Round "-"]
[White "hotdog"]
[Black "rdaigle2003"]
[Result "1-0"]
[WhiteElo "1100"]
[BlackElo "1636"]

1. e4 e5 2. Nf3 d6 3. d4 exd4 4. Nxd4 Nf6 5. Nc3 c5 6. Bb5+ Bd7 7. Bxd7+ Nbxd7
8. Nf5 Ne5 9. Bg5 h6 10. Bxf6 Qxf6 11. Nd5 Qd8 12. f4 Nc4 13. b3 Nb6 14. O-O
Nxd5 15. exd5 Qf6 16. Re1+ Kd7 17. Qd3 a6 18. Rad1 g6 19. Ne3 Rb8 20. Re2 Qxf4
21. Rf1 Qg5 22. Rxf7+ Kc8 23. Nc4 Qd8 24. Qh3+ 1-0

[Event "fast game within 30 mins"]
[Site "http://www.queenalice.com/game.php?id=406633"]
[Date "2008.5.22"]
[Round "-"]
[White "hotdog"]
[Black "Kieran"]
[Result "1-0"]
[WhiteElo "1217"]
[BlackElo "1100"]

1. Nf3 d5 2. g3 Nc6 3. Bg2 d4 4. c3 dxc3 5. Nxc3 Bg4 6. e3 Qd7 7. d4 O-O-O 8.
O-O Bxf3 9. Bxf3 Nf6 10. e4 Nxd4 11. Be3 Nxf3+ 12. Qxf3 Ng4 13. Rad1 Ne5 14. Qg2
Qg4 15. Rxd8+ Kxd8 16. f4 Nd3 17. Rd1 Qg6 18. Rxd3+ Kc8 19. Qh3+ e6 20. f5 exf5
21. exf5 Qf6 22. Bg5 1-0

[Event "594"]
[Site "http://www.queenalice.com/game.php?id=406723"]
[Date "2008.5.23"]
[Round "-"]
[White "hotdog"]
[Black "phystutordotcom"]
[Result "1-0"]
[WhiteElo "1100"]
[BlackElo "2043"]

1. e4 g6 2. d4 Bg7 3. c4 d6 4. f4 e5 5. dxe5 dxe5 6. Qxd8+ Kxd8 7. fxe5 Bxe5 8.
Bd3 Nc6 9. Nf3 Bg7 10. O-O Nb4 11. Rd1 Nxd3 12. Rxd3+ Bd7 13. Ng5 Nh6 14. Nc3 c6
15. Bf4 Ke7 16. Rad1 Bg4 17. R1d2 f6 18. Nf3 Rad8 19. Rxd8 Rxd8 20. Rxd8 Kxd8
21. Bxh6 Bxh6 22. h3 Be6 23. b3 Kd7 24. Kf2 Kd6 25. Nd4 Bd7 26. a4 Bg7 27. Ke3
a6 28. g4 Kc5 29. Kd3 Bh6 30. Nc2 Bg5 31. b4+ Kd6 32. c5+ Ke5 33. Ne3 h5 34.
Nc4+ Kf4 35. e5 fxe5 36. Ne2+ 1-0

[Event "AUTO-OPEN-1140"]
[Site "http://www.queenalice.com/game.php?id=406847"]
[Date "2008.5.23"]
[Round "1"]
[White "chesplayer"]
[Black "hotdog"]
[Result "1-0"]
[WhiteElo "1702"]
[BlackElo "1100"]

1. e4 c5 2. Bc4 a6 3. Nf3 e6 4. O-O b5 5. Be2 Bb7 6. e5 d6 7. exd6 Bxd6 8. Re1
Ne7 9. Nc3 O-O 10. d4 cxd4 11. Qxd4 Bxf3 12. Qe3 Bxe2 13. Rxe2 Nbc6 14. Ne4 Nf5
15. Qd3 Ncd4 16. Rd2 Bf4 17. Rd1 Bxc1 18. Raxc1 Qb6 19. Ng5 Rad8 20. g4 Nh4 21.
Qxh7# 1-0

[Event "AUTO-OPEN-1140"]
[Site "http://www.queenalice.com/game.php?id=406848"]
[Date "2008.5.23"]
[Round "1"]
[White "hotdog"]
[Black "chesplayer"]
[Result "1-0"]
[WhiteElo "1100"]
[BlackElo "1708"]

1. e4 e5 2. Nf3 Nc6 3. Bc4 Nf6 4. Ng5 d5 5. exd5 Nxd5 6. d4 exd4 7. O-O Be7 8.
Nxf7 Kxf7 9. Qh5+ g6 10. Qxd5+ Qxd5 11. Bxd5+ Kf8 12. Bxc6 bxc6 13. c3 d3 14. h3
Bf5 15. Rd1 Rd8 16. Be3 a5 17. Bd4 c5 18. Bxh8 c4 19. b3 cxb3 20. axb3 Rd5 21.
g4 Be4 22. Nd2 Kg8 23. Bd4 c5 24. Nxe4 cxd4 25. Rxd3 Rb5 26. Rxd4 Rxb3 27. Rxa5
Kg7 28. Ra7 Kf7 29. Rdd7 Rb1+ 30. Kg2 h5 31. Rxe7+ Kf8 32. Rf7+ Ke8 33. Nf6+ Kd8
34. Rf8# 1-0

[Event "AUTO-OPEN-1140"]
[Site "http://www.queenalice.com/game.php?id=406873"]
[Date "2008.5.23"]
[Round "1"]
[White "hotdog"]
[Black "joey30"]
[Result "1-0"]
[WhiteElo "1100"]
[BlackElo "1667"]

1. Nf3 d5 2. g3 Nc6 3. d4 h6 4. Bg2 Nf6 5. b3 Bf5 6. O-O e6 7. Nh4 Bh7 8. Bb2
Bd6 9. Nd2 h5 10. c4 dxc4 11. Nxc4 Qe7 12. f4 O-O 13. Re1 Be4 14. Ne5 Bxg2 15.
Kxg2 Ng4 16. Nxg4 hxg4 17. e4 Qd7 18. Qxg4 Be7 19. d5 f6 20. dxc6 Qxc6 21. Ng6
Rf7 22. Qh5 Qc2+ 23. Kf1 Rff8 24. Nxe7# 1-0

[Event "AUTO-OPEN-1140"]
[Site "http://www.queenalice.com/game.php?id=406874"]
[Date "2008.5.23"]
[Round "1"]
[White "joey30"]
[Black "hotdog"]
[Result "1/2-1/2"]
[WhiteElo "1729"]
[BlackElo "1251"]

1. e4 c5 2. Nf3 a6 3. a3 e6 4. Nc3 b5 5. d3 Bb7 6. Bf4 Ne7 7. Be2 f5 8. Ne5 fxe4
9. Nxe4 Nd5 10. Bg3 Nf6 11. Bh5+ g6 12. Bf3 Bxe4 13. dxe4 d6 14. Nd3 c4 15. Nf4
e5 16. Nd5 Nxd5 17. Qxd5 Nd7 18. O-O Nf6 19. Qc6+ Nd7 20. Bg4 Ra7 21. Be6 Be7
22. f4 exf4 23. Rxf4 Rf8 24. Raf1 Qb6+ 25. Qxb6 Nxb6 26. Rxf8+ Bxf8 27. Bf2 Rb7
28. Bd4 Nd7 29. Bd5 Rc7 30. Rf7 h6 31. h3 Be7 32. Rg7 g5 33. Rh7 Bf8 34. Rh8 Ne5
35. Be3 Ng6 36. Rg8 Ne7 37. Rh8 Ng6 38. Rg8 Ne7 1/2-1/2

[Event "AUTO-OPEN-1140"]
[Site "http://www.queenalice.com/game.php?id=406875"]
[Date "2008.5.23"]
[Round "1"]
[White "hotdog"]
[Black "Ferdyrojo"]
[Result "0-1"]
[WhiteElo "1100"]
[BlackElo "2148"]

1. Nf3 d5 2. g3 g6 3. c4 dxc4 4. Qa4+ Bd7 5. Qxc4 Bg7 6. Qb3 Bc6 7. Bg2 Nf6 8.
O-O Nbd7 9. d4 O-O 10. Nc3 a5 11. Ne5 Bxg2 12. Kxg2 Qc8 13. Bg5 a4 14. Qd1 h6
15. Bxf6 Nxf6 16. Nxa4 Ng4 17. Nxg4 Qxg4 18. f4 Rfd8 19. d5 e6 20. Nc3 Bxc3 21.
bxc3 Rxd5 22. Qb3 Qxe2+ 23. Rf2 Qe4+ 24. Kg1 Rd3 0-1

[Event "AUTO-OPEN-1140"]
[Site "http://www.queenalice.com/game.php?id=406876"]
[Date "2008.5.23"]
[Round "1"]
[White "Ferdyrojo"]
[Black "hotdog"]
[Result "1-0"]
[WhiteElo "2147"]
[BlackElo "1100"]

1. e4 c5 2. Nf3 a6 3. d4 cxd4 4. Nxd4 e5 5. Nf3 Nc6 6. Bc4 Bc5 7. Bxf7+ Kxf7 8.
Qd5+ Ke8 9. Qxc5 d6 10. Qc4 Nf6 11. Nc3 Na5 12. Qd3 Rf8 13. b3 Kf7 14. Ba3 Kg8
15. Qxd6 Qxd6 16. Bxd6 Nc6 17. Bxf8 Kxf8 18. O-O Bg4 19. Ne1 b5 20. f3 Be6 21.
Rd1 Nd4 22. f4 Nc6 23. Rd6 Bd7 24. fxe5 Nxe5 25. Nd5 Ng4 26. Rxd7 1-0

[Event "Challenge"]
[Site "http://www.queenalice.com/game.php?id=410637"]
[Date "2008.5.30"]
[Round "-"]
[White "hotdog"]
[Black "Gambitshark"]
[Result "0-1"]
[WhiteElo "1100"]
[BlackElo "2577"]

1. Nf3 Nc6 2. g3 e5 3. e4 Bc5 4. Bc4 Nf6 5. Ng5 O-O 6. d3 d6 7. c3 h6 8. h4 hxg5
9. hxg5 Ng4 10. d4 exd4 11. b4 Bb6 12. Be2 Nxf2 13. Kxf2 d3+ 0-1

[Event "Challenge"]
[Site "http://www.queenalice.com/game.php?id=410891"]
[Date "2008.5.31"]
[Round "-"]
[White "hotdog"]
[Black "gmi"]
[Result "1-0"]
[WhiteElo "1242"]
[BlackElo "1001"]

1. e4 e5 2. Bc4 Nc6 3. Nf3 Be7 4. d4 Bb4+ 5. c3 Be7 6. b4 a5 7. b5 Nb8 8. Nxe5
Bh4 9. O-O h5 10. Nxf7 Qf6 11. Nxh8 c6 12. e5 Qf5 13. Nf7 d5 14. Nd6+ Ke7 15.
Nxf5+ Ke6 16. Bxd5+ cxd5 17. Nxh4 Nh6 18. Bxh6 gxh6 19. Qxh5 Bd7 20. Qf3 Bxb5
21. Ng6 a4 22. Qf6+ Kd7 23. Qd6+ Kc8 24. Ne7# 1-0

[Event "SCOTH WHISKY"]
[Site "http://www.queenalice.com/game.php?id=413156"]
[Date "2008.6.5"]
[Round "-"]
[White "perucona"]
[Black "hotdog"]
[Result "0-1"]
[WhiteElo "1158"]
[BlackElo "1133"]

1. e4 c5 2. d4 cxd4 3. Qxd4 Nc6 4. Qd5 Nf6 5. Qd3 Ne5 6. Qe3 e6 7. Qd4 Nc6 8. e5
Nxd4 9. Kd1 Ng4 10. Ke1 Nxc2+ 11. Kd1 Nxa1 12. Ke1 Nc2+ 13. Kd1 Nxf2+ 14. Kxc2
Nxh1 15. Nf3 Nf2 16. Be3 Ng4 17. Bg5 Qc7+ 18. Kd2 Qa5+ 19. Ke2 b6 20. Nc3 Bb4
21. a3 Bxc3 22. bxc3 Qxc3 23. h3 Ba6+ 24. Kd1 Nf2# 0-1

[Event "tournament01"]
[Site "http://www.queenalice.com/game.php?id=414218"]
[Date "2008.6.6"]
[Round "1"]
[White "soonersam"]
[Black "hotdog"]
[Result "0-1"]
[WhiteElo "939"]
[BlackElo "1236"]

1. e4 c5 2. f3 e5 3. Nc3 a6 4. Nce2 Nc6 5. Ng3 Nf6 6. h3 d5 7. exd5 Nxd5 8. N1e2
Bd6 9. Nh5 O-O 10. Nhg3 f5 11. Nc3 Qh4 12. Ne2 f4 13. Nc3 Qxg3+ 14. Ke2 Nd4+ 15.
Kd3 Nb4+ 16. Kc4 b5+ 17. Nxb5 axb5+ 18. Kc3 Nxa2+ 19. Rxa2 b4+ 20. Kd3 Qg6+ 21.
Kc4 Be6# 0-1

[Event "KingTy is hungry for hotdogs"]
[Site "http://www.queenalice.com/game.php?id=417572"]
[Date "2008.6.14"]
[Round "-"]
[White "KingTy"]
[Black "hotdog"]
[Result "0-1"]
[WhiteElo "1100"]
[BlackElo "1100"]

1. Nf3 c5 2. Nh4 e5 3. Nf5 d5 4. Nc3 d4 5. Nb1 Bxf5 6. Nc3 dxc3 7. dxc3 Qxd1+ 8.
Kxd1 Nc6 9. c4 Nf6 10. Be3 O-O-O+ 11. Kc1 Nb4 12. Bxc5 Bxc5 13. h4 Bxc2 14. e4
Rd1# 0-1

[Event "tournament01"]
[Site "http://www.queenalice.com/game.php?id=438537"]
[Date "2008.7.25"]
[Round "2"]
[White "ilhado"]
[Black "hotdog"]
[Result "1-0"]
[WhiteElo "1893"]
[BlackElo "1271"]

1. e4 c5 2. Nf3 a6 3. d4 cxd4 4. Nxd4 e5 5. Nb3 Nc6 6. Nc3 b5 7. a3 Bb7 8. Be3
Nf6 9. Bd3 Bd6 10. Bg5 O-O 11. Bxf6 Qxf6 12. Nd5 Qd8 13. O-O Nd4 14. c4 Bxd5 15.
cxd5 f5 16. Nxd4 exd4 17. exf5 Rf6 18. f4 Rc8 19. g4 Rc5 20. g5 Rf8 21. Qf3 g6
22. f6 Bxf4 23. Qxf4 1-0